| 000 | 00945cab a2200253 4500 | ||
|---|---|---|---|
| 001 | ABS46349 | ||
| 008 | 090401t1992 xxu||||| |||| 00| 0 eng d | ||
| 035 | _a(Sirsi) u57916 | ||
| 041 | _aeng | ||
| 100 | _aPark, B. | ||
| 245 | _aCracking up: Hill House | ||
| 260 | _c1992 | ||
| 350 | _a0 | ||
| 490 |
_aArchitects` Journal _v195(19) 13 May 1992, 41-43(3) |
||
| 520 | _aDescribes the procedures involved in repair of a number of defects affecting Charles Rennie Mackintosh`s Hill House at Helensburgh. The harling, the outer protection, was allowing water to penetrate the masonry walling, and specialised work was needed to repair it. | ||
| 650 | _aHISTORIC BUILDINGS | ||
| 650 | _aRENDER | ||
| 650 | _aREPAIRS | ||
| 650 | _aBUILT ENVIRONMENT-BUILDING ELEMENTS-COMPLETE BUILDING ELEMENTS-WALLS | ||
| 650 | _aWATER PENETRATION | ||
| 690 | _aBUILDING AND CONSTRUCTION-REPAIRS AND MAINTENANCE | ||
| 942 | _n0 | ||
| 948 | _c04/03/1997 | ||
| 999 |
_c35356 _d35356 |
||